000 00681nam a2200289Ia 4500
005 20260324134059.0
008 008 260324s9999 xx 000 0 eng d
020 _a9780203465523
037 _aEBOOK
040 _aCRL
040 _beng
040 _cCRL
041 _2eng
041 _aeng
084 _qCRL
100 _aTony Wagner; Thomas Vander Ark
_91195499
245 0 _aMaking the Grade
245 0 _bReinventing America's Schools
260 _bTaylor and Francis
260 _c2002
365 _a
365 _b145
856 _uhttp://www.taylorfrancis.com/books/9780203465523
942 _cEBOOK
999 _c1795192
_d1795192